000 00329 a2200145 4500
999 _c9840
_d9840
003 OSt
005 20220307120347.0
008 220307b ||||| |||| 00| 0 eng d
020 _a9789352692606
082 _a551.8
_bNAN
100 _aNandita Singh
245 _aStructural Geology
260 _bRandom Publications
942 _2ddc